Transiti : percorsi e significati dell'identità di genere : convegno scientifico internazionale : Aula Absidale di S. Lucia, Via De' Chiari 25/a, 28-29-30 giugno 2000 /

Uloženo v:
Podrobná bibliografie
Další autoři: Stella, Patrizia, Nadalin, Daniela Anna
Médium: Kniha
Jazyk:italština
Vydáno: Bologna : Regione Emilia-Romagna, stampa 2002
Tagy: Přidat tag
Žádné tagy, Buďte první, kdo vytvoří štítek k tomuto záznamu!

MARC

LEADER 00000nam a22000007i 4500
001 IT\ICCU\UBO\1829180
003 ItRI
005 20260115232442.0
008 020913s2002 it |||||| ||||| |||||c
040 |b ita  |c importazione bologna sebina 
041 7 |a ita  |2 ISO-639-2 
245 0 0 |a Transiti :  |b percorsi e significati dell'identità di genere : convegno scientifico internazionale : Aula Absidale di S. Lucia, Via De' Chiari 25/a, 28-29-30 giugno 2000 /  |c a cura di Daniela Anna Nadalin e Patrizia Stella. 
260 |a Bologna :  |b Regione Emilia-Romagna,  |c stampa 2002 
300 |a 255 p. ;  |c 21 cm 
500 |a In cop. : Regione Emilia-Romagna, Assessorato alle Poltiche Sociali ; Volume degli atti. 
700 1 |a Stella, Patrizia  |0 IT\ICCU\TO0V\311949 
700 1 |a Nadalin, Daniela Anna  |0 IT\ICCU\UBOV\689160 
942 |2 ddc  |c BK  |n 0 
952 |0 0  |1 0  |4 0  |6 T_305_321000000000000_TRA  |7 0  |9 26000  |a BO  |b BO  |d 2026-01-15  |i 10608  |l 0  |o T 305.321 TRA  |p BO10608  |r 2026-01-15 23:24:42  |w 2026-01-15  |x [Sebina 5] [1 v.]  |y BK  |z 1 v. 
952 |0 0  |1 0  |4 0  |6 T_305_321000000000000_TRA  |7 0  |9 26001  |a BO  |b BO  |d 2026-01-15  |i 6547  |l 0  |o T 305.321 TRA  |p BO6547  |r 2026-01-15 23:24:42  |w 2026-01-15  |x [Sebina 7] [1 v.]  |y BK  |z 1 v. 
952 |0 0  |1 0  |4 0  |6 T_305_321000000000000_TRA  |7 0  |9 26002  |a BO  |b BO  |d 2026-01-15  |i 18818  |l 0  |o T 305.321 TRA  |p BO18818  |r 2026-01-15 23:24:42  |w 2026-01-15  |x [Sebina 5] [1 v.]  |y BK  |z 1 v. (4. copia) 
952 |0 0  |1 0  |4 0  |6 T_305_321000000000000_TRA  |7 0  |9 26003  |a BO  |b BO  |d 2026-01-15  |i 15499  |l 0  |o T 305.321 TRA  |p BO15499  |r 2026-01-15 23:24:42  |w 2026-01-15  |x [Sebina 5] [1 v.]  |y BK  |z 1 v. (3. copia) 
999 |c 22027  |d 22027